000 00506nam a2200181Ia 4500
001 45735
008 140428s9999 xx 000 0 und d
020 _a9781845116484
040 _cPK-LaUMT
082 _a 956.7082
_bYAS-W
100 _aYasmin Husein Al-Jawaheri
245 _aWomen in Iraq
_bthe gender impact of international sanctions
_cYasmin Husein Al-Jawaheri
260 _aLondon,UK:
_bI. B. Tauris Publishers,
_c2008
300 _a228 p.
546 _aEN
650 _aWomen-Iraq
942 _cBK
999 _c43703
_d43703